Najwięksi partnerzy handlowi - Rosja - Statystyki

Ogólne statystyki
  • Ten quiz został rozwiązany 2 302 razy
  • Średni wynik to 16 z 19
Statystyki odpowiedzi
Eksporty Importy Państwo % Poprawnych
28,7 mld 38,3 mld Chiny
99%
9,4 mld 11,1 mld Stany Zjednoczone
98%
21,3 mld 19,5 mld Niemcy
96%
9,1 mld 4 mld Polska
96%
5,3 mld Indie
93%
8,5 mld Francja
92%
14,1 mld 9,4 mld Białoruś
91%
6,3 mld 4 mld Ukraina
91%
9,4 mld 6,7 mld Japonia
90%
9,4 mld 3,6 mld Kazachstan
86%
2,5 mld Brazylia
85%
7 mld 3,4 mld Wielka Brytania
84%
13,7 mld Turcja
82%
11,9 mld 7,8 mld Włochy
80%
10 mld 5,1 mld Korea Południowa
79%
6,5 mld 2,5 mld Finlandia
75%
29,3 mld 3 mld Holandia
51%
5,7 mld Belgia
47%
2,8 mld Czechy
42%
Nie znaleziono quizów pasujących do podanych kryteriów
Rozkład punktacji
Procent ludzi z każdym wynikiem
Percentyl według liczby udzielonych odpowiedzi
Twoja historia wyników
Nie rozwiązałeś tego quizu